000 00230nam a2200097Ia 4500
005 20251222114410.0
008 251222s1900||||xx |||||||||||||| ||spa||
082 _aDVD0040/M26/2006
245 0 _aRescate en La Antártida:
942 _cDVD
999 _c1985
_d1985